| 000 | 01253cam a2200325 a 4500 | ||
|---|---|---|---|
| 001 | 614898 | ||
| 003 | OSt | ||
| 005 | 20151116102957.0 | ||
| 008 | 920429s1993 enka b 001 0 eng | ||
| 010 | _a 92015888 | ||
| 020 |
_a1559341300 (cloth) : _c$41.95 |
||
| 040 |
_aDLC _cDLC _dDLC _dOCoLC _dDLC |
||
| 043 | _an-us--- | ||
| 050 | 0 | 0 |
_aGV443 _b.G73 1993 |
| 082 | 0 | 0 |
_a372.86/044 _220 |
| 100 | 1 |
_aGraham, George, _d1943- |
|
| 245 | 1 | 0 |
_aChildren moving : _ba reflective approach to teaching physical education / _cGeorge Graham, Shirley Ann Holt/Hale, Melissa Parker. |
| 250 | _a3rd ed. | ||
| 260 |
_aMountain View, Calif. : _bMayfield Pub. Co., _cc1993. |
||
| 300 |
_axxi, 553 p. : _bill. (some col.) ; _c29 cm. |
||
| 504 | _aIncludes bibliographical references and index. | ||
| 650 | 0 |
_aPhysical education for children _xStudy and teaching _zUnited States. |
|
| 650 | 0 |
_aPhysical education for children _xCurricula _zUnited States. |
|
| 650 | 0 |
_aMovement education _zUnited States. |
|
| 700 | 1 | _aHolt/Hale, Shirley Ann. | |
| 700 | 1 | _aParker, Melissa. | |
| 906 |
_a7 _bcbc _corignew _d1 _eocip _f19 _gy-gencatlg |
||
| 942 |
_2lcc _cBK |
||
| 999 |
_c251303 _d251303 |
||